Specifications for structural joints using ASTM A325 or A 490 Bolts / (Record no. 546933)
[ view plain ]
| 000 -LEADER | |
|---|---|
| fixed length control field | 00507nam a22001337a 4500 |
| 082 ## - DEWEY DECIMAL CLASSIFICATION NUMBER | |
| Classification number | 624.18210212 |
| Author Mark | AME |
| -- | L-39, P-171 |
| 110 ## - MAIN ENTRY--CORPORATE NAME | |
| Corporate name or jurisdiction name as entry element | American institute of steel construction, Inc. |
| 9 (RLIN) | 43132 |
| 245 ## - TITLE STATEMENT | |
| Title | Specifications for structural joints using ASTM A325 or A 490 Bolts / |
| Statement of responsibility, etc. | American Institute of Steel Construction, Inc. |
| 260 ## - PUBLICATION, DISTRIBUTION, ETC. | |
| Place of publication, distribution, etc. | USA : |
| Name of publisher, distributor, etc. | American Institute of Steel Construction, Inc. |
| Date of publication, distribution, etc. | 1985. |
| 300 ## - PHYSICAL DESCRIPTION | |
| Extent | 45 p. : |
| 526 ## - STUDY PROGRAM INFORMATION NOTE | |
| Program name | 0 |
| Interest level | 0 |
| Reading level | 0 |
| Title point value | 624_182102120000000_AME |
| 650 ## - SUBJECT ADDED ENTRY--TOPICAL TERM | |
| Topical term or geographic name entry element | MCE |
| 9 (RLIN) | 379 |
| 942 ## - ADDED ENTRY ELEMENTS (KOHA) | |
| Source of classification or shelving scheme | |
| Koha item type | Book |
| Withdrawn status | Lost status | Source of classification or shelving scheme | Damaged status | Not for loan | Permanent Location | Current Location | Date acquired | Total Checkouts | Full call number | Barcode | Date last seen | Price effective from | Koha item type |
|---|---|---|---|---|---|---|---|---|---|---|---|---|---|
| Military College of Engineering (MCE) | Military College of Engineering (MCE) | 06/24/2014 | 624.18210212 AME | MCE-42872 | 06/24/2014 | 06/24/2014 | Book |
